On Great Service <A> Framework for Action

Enregistré dans:
Détails bibliographiques
Auteur principal: Berry, Leonard L.
Format: Livre
Langue:anglais
Publié: New York The Free Press 1995
Édition:1. ed.
Sujets:
Tags: Ajouter un tag
Pas de tags, Soyez le premier à ajouter un tag!

MARC

LEADER 00000nam a2200000 4500
001 c019663
005 20221205133339.6
020 |a 0-02-918555-6 
041 0 |a eng 
044 |a US 
245 1 0 |a On Great Service  |b <A> Framework for Action  |c Leonard L. Berry 
250 |a 1. ed. 
264 1 |a New York  |b The Free Press  |c 1995 
300 |a 292 s. 
610 2 0 |a zákazníci 
610 2 0 |a služby 
610 2 0 |a služby obyvateľstvu 
610 2 0 |a služby podnikateľské 
610 2 0 |a kontrola kvality 
610 2 0 |a manažment 
610 2 0 |a USA 
610 2 0 |a štúdie prípadové 
100 1 |a Berry, Leonard L.